| 000 | 01014nam a2200301 i 4500 | ||
|---|---|---|---|
| 001 | 8863 | ||
| 003 | KOSZ 005 | ||
| 005 | 20210429093625.0 | ||
| 008 | 070708s1970 pl f f 001 0 pol | ||
| 015 | _aPB 1970/5223 | ||
| 040 |
_aWA N _cWA N _dKOSZ 005/RW |
||
| 080 | _a512 | ||
| 100 | 1 |
_aMostowski, Andrzej _d(1913-1975). _eAutor |
|
| 245 | 1 | 0 |
_aElementy algebry wyższej / _cAndrzej Mostowski, Marceli Stark. |
| 250 | _aWyd. 5. | ||
| 260 |
_aWarszawa : _bPaństwowe Wydawnictwo Naukowe, _c1970. |
||
| 300 |
_a397, [3] s. ; _c25 cm. |
||
| 380 | _aKsiążki. | ||
| 490 | 1 |
_aBiblioteka Matematyczna ; _vt. 16. |
|
| 504 | _aIndeks. | ||
| 655 | 4 | _aPodręczniki akademickie | |
| 650 | 4 | _aAlgebra | |
| 710 | 2 |
_aPaństwowe Wydawnictwo Naukowe _4pbl. |
|
| 700 | 1 |
_aStark, Marceli _d(1907-1974) _eAutor |
|
| 830 | 0 |
_aBiblioteka Matematyczna, _vt. 16. |
|
| 856 |
_uhttp://koha.tu.koszalin.pl/cgi-bin/koha/opac-detail.pl?biblionumber=8863 _yKatalog online BPK |
||
| 942 |
_2UKD _cKS |
||
| 999 |
_c8863 _d8863 |
||